00771nam a22002057a 450000500170000001000150001702000110003203500130004303700130005610000220006924501490009126000430024027000320028330000240031550000400033970000230037994200170040299900170041995201290043620130725124952.0 aENG-108127 c400.00 aEN-91660 bDBAD/PUB aMohammed Abdullah aBangladeshe Farsi shahhittya in 19th century :b(the persian literature in Bangladesh) /cby Mohammed Abdullah; translated by Mohammed Alimuddin aKolkatabSarfaraz Printing Housec2010 aS.N. Banerjee RoadbKolkata aiii,234p.c28cm(Hb) aIncludes bibliographical references aMohammed Alimuddin 2ddccENmABD c77975d77975 001040718NFICaDBADbDBADd2013-07-23eDBAD/PUBg400.00l0oMOHpEN-91660r2013-07-23 00:00:00t1v400.00w2013-07-23yEN